| 000 | 00000nam##2200000za#4500 |
| 001 | 9.679610 |
| 003 | CaOODSP |
| 005 | 20220107134006 |
| 007 | ta |
| 008 | 150407|1995||||xxc||||| f|0| 0 fre|d |
| 020 | |a0-662-80541-0 |
| 040 | |aCaOODSP|bfre |
| 043 | |an-cn--- |
| 086 | 1 |aH72-21/139-1995F |
| 110 | 2 |aCentre national d'information sur la violence dans la famille (Canada) |
| 245 | 10|aExamen de la relation entre les antécédents de mauvais traitements et les comportements à risque chez les adolescents / |cpar Ian G. Manion et Susan K. Wilson. |
| 260 | |aOttawa - Ontario : |bSanté Canada. |c1995. |
| 300 | |a40p. : |bgraphiques, références, tableaux ; |c28 cm. |
| 500 | |a«La présente étude avait pour objet d'examiner le lien entre cinq formes de mauvais traitements (violence physique, exploitation sexuelle, négligence, exposition à la violence conjugale et violence psychologique) et les comportements à risque chez les adolescents.»--Aperçu. |
| 520 | 3 |aLa présente étude avait pour objet d'examiner le lien entre cinq formes de mauvais traitements (violence physique, exploitation sexuelle, négligence, exposition à la violence conjugale et violence psychologique) et les comportements à risque chez les adolescents.--Aperçu |
| 563 | |aCouverture souple |
| 590 | |a96-21|b1996-05-24 |
| 691 | 07|aViolence familiale|2gcpds |
| 691 | 07|aAdolescent|2gcpds |
| 720 | 1 |aManion, Ian G. |
| 720 | 1 |aWilson, Susan K. |
| 775 | 08|tAn examination of the association between histories of maltreatment and adolescent risk behaviours / |w(CaOODSP)9.646011 |
| 776 | 0#|tExamen de la relation entre les antécédents de mauvais traitements et les comportements à risque chez les adolescents / |w(CaOODSP)9.639829 |